Disney Animated Movies - Sudden Death - Statistics

General Stats
  • This quiz has been taken 27,340 times
    1,336 since last reset
  • The average score is 19 of 28
Answers on the Grid
Answers color-coded by a green-red scale on the quiz's grid according to % correct below.
101 Dalmatians
Aladdin
Alice in Wonderland
Anastasia
Beauty and the Beast
Big Hero 6
Brave
Cinderella
Coco
Dumbo
Encanto
Fantastic Mr. Fox
Frozen
Hercules
Howl's Moving Castle
How to Train Your Dragon
Ice Age
Inside Out
Lady and the Tramp
Lilo & Stitch
Moana
Mulan
My Neighbor Totoro
Peter Pan
Pinocchio
Pocahontas
Robin Hood
Robots
Shrek
Sleeping Beauty
Spirited Away
Tangled
Tarzan
The Aristocats
The Hunchback of Notre Dame
The Iron Giant
The Jungle Book
The Lion King
The Little Mermaid
The Prince of Egypt
The Road to El Dorado
The Sword in the Stone
Toy Story
Zootopia
 
Answer Stats
Answer % Correct
101 Dalmatians
93%
Aladdin
91%
Beauty and the Beast
91%
Cinderella
83%
Frozen
78%
Alice in Wonderland
77%
Dumbo
76%
Hercules
71%
Mulan
69%
The Lion King
69%
Sleeping Beauty
68%
Moana
67%
Pocahontas
67%
Pinocchio
65%
The Little Mermaid
64%
Tarzan
63%
The Jungle Book
63%
Peter Pan
62%
Lady and the Tramp
60%
Tangled
60%
Encanto
59%
Lilo & Stitch
59%
The Aristocats
56%
The Hunchback of Notre Dame
56%
Robin Hood
54%
Big Hero 6
51%
The Sword in the Stone
47%
Zootopia
43%
No matching quizzes found
Score Distribution
Percent of People with Each Score
Percentile by Number Answered
Your Score History
You have not taken this quiz since the last reset